[Event "EU-ch 4th"]
[Site "Istanbul"]
[Date "2003.06.01"]
[Round "3"]
[White "Ivanisevic, Ivan"]
[Black "Nisipeanu, Liviu Dieter"]
[Result "0-1"]
[WhiteElo "2569"]
[BlackElo "2606"]
[Annotator "Golod,V"]
[PlyCount "54"]
[EventDate "2003.05.30"]
[EventType "swiss"]
[EventRounds "13"]
[EventCountry "TUR"]
[SourceTitle "CBM 096"]
[Source "ChessBase"]
[SourceDate "2003.09.25"]
[SourceVersion "1"]
[SourceVersionDate "2003.09.25"]
[SourceQuality "1"]

1. d4 Nf6 2. c4 e6 3. Nc3 Bb4 4. Qc2 O-O 5. e4 d6 $5 {Besides this move,Black
has few options:} (5... c5 $5 {See comments to Doroshkievich,V-Shishkov,A/St.
Petersburg, 1999/CBM 74(1-0)(Golod,V)(30)}) (5... d5 $5 {See comments to
Hillarp Persson,T-Polgar,J/Sigeman & Co,2000/CBM 77(1/2-1/2)(Golod,V)(29)}) ({
and} 5... Nc6 $6) 6. a3 $5 {Also were checked up in previous games: 6.Bd3?!; 6.
Nf3 and 6.e5!?} Bxc3+ 7. bxc3 e5 {From my point of view,this move is much
better,than: 7...h6?!; 7...Nbd7; 7...Ne8?! or 7...c5.} 8. Bd3 {Less
essentially next continuations: 8.Nf3; 8.dxe5?!; 8.f3 and 8.d5?!} c5 $5 {
It was checked in the previous games: 8...Qe7?!; 8...Re8!?; 8...b6?! and} (8...
Nc6 $143 {You can see comments to Short,N-Karpov,A/Dortmund,1997/CBM 60(1-0)
(Tsesarsky,I)(44)}) 9. Ne2 ({On:} 9. d5 {you can find four games in Mega
Database 2003.}) 9... Nc6 10. d5 ({It deserves attention:} 10. O-O exd4 11.
cxd4 cxd4 12. Bg5 h6 13. Bh4 Ne5 14. Nxd4 {+/=/= Ivanisevic,I-Barlov,D/
Belgrade,1999(1-0)(43)}) 10... Ne7 ({Senselessly:} 10... Na5 {in view of:} 11.
Rb1 b6 12. Ng3 Ba6 13. Qa2 $14 {[%csl Ya2,Yd3][%cal Ga3a4]}) 11. f3 Ng6 $5 $146
({The games,which have reached this position were continued as follows:} 11...
h6 12. h4 Nh7 13. g4 Ng6 14. h5 Nh8 15. Ng3 f6 16. Kf2 Nf7 $11 {Hillarp
Persson,T-Astrom,R/Sweden,2000(1/2-1/2)(53)}) ({and} 11... Nd7 $6 12. h4 Nb6
13. g4 f6 14. Ng3 Kf7 15. g5 $36 {Capablanca,J-Ragozin,V/Moscow,1935(1-0)(49)})
12. h4 ({Is a possible continuation of the play:} 12. Bg5 h6 13. Be3 Nh5 14.
Qd2 $13) 12... Nh5 {[%csl Rf4,Yg6,Yh5][%cal Yh5f4,Yg6f4]} 13. g3 {[%csl Yg3]
[%cal Yg3f4] White's plan is: Be3,Qd2(><f4) and g4.} ({Leads to benefit of the
contender:} 13. g4 $6 Nhf4 14. h5 (14. Nxf4 Nxf4 {=/=/+}) 14... Ng2+ (14...
Nxd3+ $5 15. Qxd3 Ne7 $11 {[%csl Rc4]}) 15. Kf2 N6f4 $13 {[%cal Gf4d3,Gf4e2,
Yg2f4]}) 13... b5 $5 {Differently,Black will be in a complete clip.} 14. cxb5
$140 c4 $1 {[%mdl 512] Very interesting sacrifice of the pawns.} ({It was
badly:} 14... a6 15. c4 $16 {[%cal Ya3a4,Yc1d2]}) 15. Bxc4 f5 16. Bg5 (16. Be3
$6 Nxg3 17. Bg5 (17. Nxg3 f4 $36 {[%csl Re3,Rg3]}) 17... Qc7 {[%csl Rc4]} 18.
Nxg3 Qxc4 19. h5 Nf4 $44) ({Can be recommended:} 16. exf5 Bxf5 17. Bd3 e4 (
17... Bxd3 $2 18. Qxd3 $16) 18. fxe4 Bg4 $44 {[%csl Re5][%cal Gg6e5]}) 16...
Qb6 17. exf5 $6 ({Leads to absolute equality:} 17. Bd3 $1 {[%csl Yc2,Yd3][%cal
Ge4f5] (it is rather difficult to continue a game without this move)} f4 $1 18.
g4 Ng3 19. Rh2 (19. Rg1 $4 Nxe2 {[%csl Rg1][%cal Gb6g1]} 20. Kxe2 Qe3+ {
[%csl Rf3]}) (19. Rh3 {[%cal Gh4h5]} h5 $1 $13 {[%csl Gc8,Rh3,Gh5][%cal Gh5g4]}
) 19... Nxe2 20. Bxe2 {[%csl Rg6][%cal Gh4h5]} Qg1+ {[%csl Ra1,Rh2]} 21. Bf1 $8
{[%cal Yc2h2]} Qe3+ {[%csl Rc3,Rf3]} 22. Be2 {[%cal Gh4h5]} Qg1+ $11) 17...
Bxf5 18. Qd2 $2 ({It was necessary:} 18. Bd3 Bxd3 19. Qxd3 e4 {[%cal Ga8e8]}
20. fxe4 Ne5 {[%csl Rb5,Re1]} 21. Qe3 Nf3+ 22. Kd1 Qxb5 $36) ({or} 18. Qb3 e4
19. g4 exf3 20. gxh5 (20. gxf5 $143 fxe2 {[%csl Gb6,Re1,Gf8]}) 20... fxe2 21.
Bxe2 (21. hxg6 $4 Bc2 {[%csl Re1,Ge2][%cal Gb6f2]}) 21... Be4 $40 {[%csl Re1]
[%cal Gg6e5]}) 18... e4 $1 {[%csl Ya8,Yb6,Re1,Ge4,Yf5,Yf8,Yg6,Yh5][%cal Ya8e8]
Black develop the strong initiative,all their pieces are located ideally.} 19.
f4 ({I do not think that it was much better:} 19. Qd4 $6 exf3 20. g4 $140 (20.
Qxb6 axb6 {-/+/-+}) 20... f2+ $1 21. Qxf2 (21. Kxf2 Bxg4+ 22. Ke1 Ne5 $19)
21... Qxf2+ 22. Kxf2 Bxg4+ 23. Ke1 Ne5 $19 {[%cal Ga8e8]}) (19. Nd4 Ne5 $36) ({
or} 19. g4 Ne5 {[%csl Rc4,Rf3][%cal Ge5f3,Ge5c4]} 20. Nd4 Nxc4 21. Qa2 Ne5 $40
{[%csl Re1]}) 19... Rac8 $17 ({Also good enough:} 19... h6 $5 {[%csl Rg5]}) 20.
Qd4 ({Also leads to big advantage of Black:} 20. Ba2 h6 {[%csl Rg5]}) 20...
Qxd4 $5 ({Probably,it was a little better:} 20... Bg4 $1 {[%csl Rc4,Rg3][%cal
Gg4e2,Ye2g3,Gh7h6]}) 21. Nxd4 Rxc4 22. Nxf5 Rxf5 23. g4 Rxg5 $1 24. fxg5 (24.
hxg5 $143 Nhxf4) 24... Nhf4 $19 {[%cal Gc4c3] The rest is the matter of
technics.} 25. a4 (25. h5 $144 Ne5 {[%cal Gc4c3]}) 25... Rxc3 26. a5 (26. Kd2
$142 Nxd5 {[%csl Rd2]}) 26... Rc2 27. b6 $2 ({More stubborn resistance after:} 
27. Kd1 Rb2) 27... Ng2+ (27... Ng2+ {After this move White resigns,because of
next variants:} 28. Kf1 (28. Kd1 $144 Ne3+ 29. Ke1 Ne5 {[%csl Re1][%cal Ge5f3,
Ge5d3]}) 28... Ne3+ 29. Ke1 $8 (29. Kg1 Rg2#) 29... Ne5 {[%csl Re1][%cal Ge5f3,
Ge5d3]}) 0-1

[Event "Sarajevo Bosnia 28th"]
[Site "Sarajevo"]
[Date "1998.05.29"]
[Round "1"]
[White "Georgiev, Kiril"]
[Black "Nikolic, Predrag"]
[Result "1/2-1/2"]
[WhiteElo "2675"]
[BlackElo "2635"]
[Annotator "Golod,V"]
[PlyCount "61"]
[EventDate "1998.05.29"]
[EventType "tourn"]
[EventRounds "9"]
[EventCountry "BIH"]
[EventCategory "15"]
[SourceTitle "CBM 066"]
[Source "ChessBase"]
[SourceDate "1998.09.30"]
[SourceVersion "1"]
[SourceVersionDate "1998.09.30"]
[SourceQuality "1"]

1. d4 {Hansen,LB} Nf6 2. c4 e6 3. Nc3 Bb4 4. Qc2 O-O 5. a3 Bxc3+ 6. Qxc3 b5 {
Hansen: An interesting alternative to the the standard 6.-, b6.} 7. cxb5 c6 8.
Bg5 {Hansen: Accepting the pawn sacrifice is considered dangerous because of
Black's lead in development.} (8. bxc6 {Hansen,LB} Nxc6 $44) 8... cxb5 9. e3
Bb7 10. Nf3 (10. f3 {See comments to Kramnik-Adams,Dortmund/1998/;CBM 66})
10... h6 (10... Nc6 11. Bxb5 (11. Bd3 Rc8 12. Qd2 Na5 13. Bxf6 gxf6 14. Qe2 Nb3
15. Rd1 Nc1 16. Qd2 Nxd3+ 17. Qxd3 b4 18. O-O Qb6 19. Qb3 a5 20. axb4 Bd5 21.
Qa4 axb4 $15 22. Qxd7 $4 Rc7 23. Qa4 Ra8 {0-1 Savic,M-Milanovic,D/JUG-chT 1993}
) 11... Rc8 12. Qd2 (12. Be2 Na5 13. Bxf6 gxf6 14. Qd3 Bd5 15. Nd2 Qc7 16. b4
$16 Nc4 17. Nxc4 Bxg2 $4 18. Rg1 Qxh2 19. Kd2 $18 {1-0 Lahlum,H-Greger,R/
Politiken Cup, Copenhagen DEN 1998 (31)}) 12... Qb6 13. Bxc6 Rxc6 14. Bxf6 Rfc8
$5 15. O-O (15. d5 Rc2 16. Bd4 Qa6 17. Qd1 Bxd5 18. Bc3 Bb3 19. Nd4 Rxb2 $44)
15... gxf6 16. Rfc1 Qc7 $14 {1-0 Dive,R-Gunter,D/Hastings Masters 1995 (38)}) (
10... a6 11. Bd3 d6 12. O-O (12. Bxf6 Qxf6 13. Qc7 Bxf3 14. gxf3 Qxf3 15. Rg1
Nc6 16. Qxd6 Rac8 17. Qg3 Qf6 18. Qg5 $11 {1/2-1/2 Akesson,R-Kristensen,B/
Nordic Grand Prix 1997 (60)}) 12... Nbd7 13. Rfc1 Rc8 14. Qe1 Qe7 15. e4 e5 16.
Qb4 exd4 17. Qxd4 Nc5 18. Bc2 Rfe8 19. Nd2 Ne6 $15 {1/2-1/2 Jeremic,V-Papa,S/
Eu Youth bu14, Mureck AUT 1998 (56)}) (10... a6 {Hansen,LB}) 11. Bxf6 $5 (11.
Bh4 a6 (11... g5 12. Bg3 Ne4 13. Qc2 Na6 14. b4 Rc8 15. Qb2 Nc7 16. Bd3 d6 17.
Ng1 f5 18. Ne2 a6 19. f3 Nxg3 20. hxg3 Qf6 21. O-O Nd5 22. Qd2 f4 $15 {1/2-1/2
Forintos,G-Zsinka,L/HUN-chT1 1995 (47)}) 12. Bd3 Nc6 (12... d6 13. O-O g5 14.
Bg3 Nh5 15. Rac1 Nc6 16. Bb1 Ne7 17. Qc7 Nxg3 18. hxg3 Rb8 19. Nd2 Qxc7 20.
Rxc7 Nd5 21. Rd7 Rfd8 22. Rxd8+ Rxd8 23. Rc1 Nb6 24. Rc7 Rd7 25. Rxd7 Nxd7 26.
Be4 Bc8 {1/2-1/2 Wiedenkeller,M-Jepson,C/SWE-ch 1992}) 13. O-O Na5 14. Bxf6
gxf6 15. e4 Kg7 16. Rae1 Rg8 17. Qc1 Rc8 18. Qf4 Qc7 19. Qh4 Nc4 20. Re2 $14
Qd8 21. Qf4 Qc7 22. Qh4 Qd8 23. Qf4 Qc7 {1/2-1/2 Thorsteins,K-Adorjan,A/
Akureyri 1988}) 11... Qxf6 12. Qc7 (12. Be2 Qg6 (12... Rc8 13. Qd3 a6 (13...
Bd5 14. Qxb5 Nc6 15. Qa6 Bb3 16. Nd2 Rcb8 17. Qd3 Ba4 18. Qa6 Bb3 19. O-O Rb6
20. Qd3 Rab8 21. Qc3 Qg6 22. Bd3 f5 23. f3 Qg5 24. Rfe1 Ne7 25. Qa5 Nd5 26. Nf1
$16 {1/2-1/2 Kumaran,D-Ashley,M/New York Marshall 1995 (42)}) 14. O-O Bxf3 15.
Bxf3 Ra7 16. a4 bxa4 17. Rxa4 $14 {1-0 Salov,V-Rivas Pastor,M/Madrid 1993 (31)}
) 13. Qc7 Bd5 14. O-O Nc6 15. Rac1 Rac8 16. Qd6 f5 17. Rc5 Kh7 18. Rfc1 f4 19.
Nh4 Qf6 20. Bd3+ Kg8 21. e4 Ba2 22. Nf3 $16 {1-0 Hjartarson,J-Arnason,J/
Reykjavik 1984 (56)}) (12. Rc1 Na6 13. Bxb5 Rac8 14. Qd2 Qg6 15. Be2 Rxc1+ 16.
Qxc1 Rc8 17. Qd1 Qxg2 18. Rg1 Qh3 19. Rg3 Qf5 20. Ne5 Qc2 21. Qxc2 Rxc2 22. Nd3
d6 23. Kd1 Rc8 24. Kd2 Nc7 {1/2-1/2 Olafsson,H-Seirawan,Y/Reykjavik Summit 1990
}) (12. Bxb5 {Hansen,LB} Rc8 $1 13. Qd2 Bxf3 14. gxf3 Qxf3 15. Rg1 Nc6 $11)
12... Bxf3 13. gxf3 Nc6 (13... Qxf3 $5 14. Rg1 {[%cal Gf1g2,Gf1b5]} Nc6 $1 15.
Bg2 $6 (15. Qxd7 $142 {see 13..Nc6}) 15... Qg4 16. Qxd7 (16. Kf1 $6 Rac8 17.
Qxd7 Ne5 $1 18. Qxb5 (18. dxe5 Rfd8) 18... Rc2) 16... Rac8 17. h3 Qg5 (17...
Qg6 $5) 18. Kf1 Rfd8 19. Qb7 Nxd4 $1 20. Bh1 $1 (20. Be4 $2 Qh4 $1 21. exd4 Rb8
$1 22. Qc6 $140 Rdc8) (20. exd4 $2 Rc1+ 21. Ke2 Rc2+ 22. Kf1 Qd2 23. Qf3 Rc1+
$19) (20. h4 Qxh4 21. exd4 Rc2 22. Qf3 Qxd4 $17) 20... Qh4 21. exd4 Qxh3+ 22.
Ke1 (22. Bg2 Qd3+ 23. Ke1 Rc2 24. Qf3 Qd2+ 25. Kf1 Rc1+ $19) 22... Rc2 $40) 14.
Qxd7 (14. f4 $6 {Hansen,LB} Rac8 (14... Qe7 15. Bxb5 Rfc8 16. Qb7 Rab8 17. Qa6
$13) 15. Qxd7 (15. Qb7 b4 $13) 15... Rfd8 16. Qb7 Nxd4 $1 17. exd4 Qxd4 $19 {
>< Ke1}) 14... Qxf3 15. Rg1 Rfd8 $146 (15... Rad8 16. Qc7 (16. Bg2 $140 $4 Qxg2
) 16... Rc8 17. Qg3 Qxg3 (17... Qf6 $6 18. Bxb5 Rfd8 19. Kf1 Nxd4 $2 20. exd4
Rc2 21. Rd1 Rxb2 22. Be2 Rd5 23. Qc3 Rb8 $18 {0-1 Djukic,Z-Kengis,E/Pula op
1990 (40)}) 18. hxg3 a6) 16. Bg2 $1 Rxd7 (16... Qxg2 $4 17. Qxd8+ $18) 17. Bxf3
$14 Rc8 18. Rc1 Rdc7 19. Kd2 $2 (19. b4 $4 Nxd4 $1 20. Rxc7 Nxf3+) (19. Rc5
$142 $1 a6 {[%cal Gc6a5] /\Na5} (19... b4 20. Kd2 $1) (19... Na5 20. Rxb5 Rc1+
21. Bd1) 20. b4 $5 (20. Ke2 $5 {[%cal Gg1c1]} Na5 21. b4 $1 (21. Rgc1 $4 Nb3 $1
22. Rxc7 Nxc1+) 21... Nb3 (21... Nc4 $2 22. Bb7 $3 Rxc5 23. dxc5 $16) 22. Rxc7
Rxc7 {[%cal Gb3c1,Gc7c2]} 23. Rb1 $1 Rc3 (23... Rc2+ $2 24. Kd3 $1 Rd2+ (24...
Rxf2 25. Be2 Nxd4 26. exd4 $16) 25. Kc3 (25. Ke4 $2 Rxd4+ $1) 25... Rxf2 26.
Bb7 Nd2 $140 27. Rb2) (23... Nc1+ $6 24. Kd2 Na2 {[%cal Gc7c3]} 25. Ra1 Nc3 26.
Rc1 Nd5 27. Rc5 $1 (27. Rxc7 Nxc7 $14) 27... Rd7 28. Rc6 $16 (28. Bxd5 Rxd5 29.
Rc6 $14)) 24. Be4 $1 {[%csl Rb3][%cal Ge2d1,Ge4c2] /\Kd1,Bc2} (24. Bb7) (24.
Kd1 Nxd4 $1 25. Bb7 Nf5 $1 (25... Rd3+) 26. Bxa6 Nd6) 24... f5 $1 (24... Kf8 $2
25. Kd1 {[%cal Ge4c2]} a5 26. Bc2 $1 (26. bxa5 Nxa5 27. Rxb5 Rxa3) 26... a4 27.
Bxb3 $1 axb3 28. Rb2 $1 $16 {[%cal Gd1d2]}) (24... a5 $2 25. Kd1 $1 (25. bxa5
f5 (25... Nxa5 $2 26. Rxb5 f5 (26... Rxa3 $4 27. Rb8#) 27. Bxf5 $1 exf5 28.
Rxa5 $18) 26. Bh1 (26. a6 fxe4 27. a7 Nxd4+ 28. exd4 Rxa3 29. Rxb5 Rxa7 30. Re5
$11) 26... Nxa5 27. Rxb5 Rxa3 28. d5 $1 $14 {[%csl Ra5]}) 25... a4 26. Bc2 $1
g5 27. Bxb3 axb3 28. Rb2 $1 {[%cal Gd1d2]}) 25. Bb7 Nc1+ $1 (25... a5 26. Ba6
$18) 26. Kd2 Na2 27. Bxa6 (27. d5 Rxa3 $1 (27... Rc7 28. Bxa6 Nc3 29. Rb2 exd5
30. Kd3 $1) 28. dxe6 Kf8 $13) 27... Rxa3 28. Bc8 (28. Bxb5 $4 Nc3) 28... Kf7 {
[%cal Ga3a4]} 29. d5 $1 exd5 30. Bxf5 Kf6 31. Bd3 Nc3 32. Rc1 Ne4+ 33. Bxe4
dxe4 34. Rc5 Ra2+ 35. Ke1 $14) 20... Nb8 $1 21. Kd2 Nd7 22. Rxc7 Rxc7 23. Rc1
$1 Rxc1 24. Kxc1 $14 {[%csl Ra6,Rb5]}) (19. Bxc6 $142 {Hansen,LB} Rxc6 20. Rxc6
Rxc6 21. Kd2 $11 {This R-ending should be a draw, although Black has the
marginally better pawn structure, as the White h-pawn is isolated and
therefore a potential weakness.}) 19... Na5 $1 20. Rxc7 $8 Rxc7 21. Rb1 {
[%cal Gb2b3]} Kf8 (21... Nb3+ $5 22. Kd1 $1 (22. Kd3 Nc1+ 23. Kd2 (23. Ke4 Nb3
{[%cal Gb3d2]} 24. Kd3) 23... Nb3+) (22. Ke1) 22... a5 23. Be2 $1 Rb7 $8 (23...
b4 $2 24. Bb5 $1 {[%cal Gb5a4]} Rb7 25. a4 $1 {[%cal Gb5c4]} Rc7 26. Bd3 $1 $18
{[%cal Gd3c2]}) 24. Kc2 a4 25. Kc3 $1 Rc7+ (25... b4+ 26. axb4 Rc7+ 27. Bc4 $1
Nd2 $1 (27... Rxc4+ $2 28. Kxc4 Nd2+ 29. Kd3 Nxb1 30. b5 $18) 28. Kxd2 Rxc4 29.
Ra1 $1 Rxb4 30. Kc3 $1 Rb3+ 31. Kc2 Rb4 32. Ra3 $1 $16 {[%cal Gc2c3]}) 26. Kb4
Nd2 $1 (26... Rc2 27. Bxb5 Rxf2 (27... Nd2 $2 28. Bd3 $1) 28. Kxa4 $16) 27. Rd1
(27. Re1 Rc2 28. Bxb5 Rxb2+ 29. Kxa4 Ne4 $132) 27... Ne4 (27... Nc4 28. Rc1 $1
Rb7 $1 29. Rc2 $1 Nd6 30. Rc6 $1 Nc4 31. Bxc4 (31. Kc3 $5) 31... bxc4+ 32. Kc3
$1 Rb3+ 33. Kc2 $16) 28. Bxb5 Rc2 29. Rb1 $1 $14) 22. b3 {Hansen: >< Na5; /\
Be2 >< b5.} Ke7 23. Be2 (23. Bd1 $5 {[%cal Gd1c2,Gb1g1]}) 23... a6 24. h4 g5
25. hxg5 hxg5 26. a4 b4 $1 {[%cal Gc7c3] Hansen: This temporary pawn sacrifice
leads to a draw.} (26... bxa4 $6 27. bxa4 $14 {[%csl Ra6]}) 27. Bxa6 Rc3 28.
Bc4 (28. Be2 Rxb3 $1 29. Rxb3 Nxb3+ 30. Kc2 Na5 $11) 28... Kd6 29. e4 Nxc4+ 30.
bxc4 Rxc4 31. Kd3 (31. Kd3 Rc3+ 32. Kd2 Rc4 33. Kd3 $11) 1/2-1/2

[Event "Czerniak Memorial 14th"]
[Site "Tel Aviv"]
[Date "1998.04.16"]
[Round "7"]
[White "Bykhovsky, Avigdor"]
[Black "Manor, Ilan"]
[Result "1/2-1/2"]
[WhiteElo "2395"]
[BlackElo "2530"]
[Annotator "Golod,V"]
[PlyCount "56"]
[EventDate "1998.04.09"]
[EventType "tourn"]
[EventRounds "9"]
[EventCountry "ISR"]
[EventCategory "9"]
[SourceTitle "CBM 065"]
[Source "ChessBase"]
[SourceDate "1998.08.06"]
[SourceVersion "1"]
[SourceVersionDate "1998.08.06"]
[SourceQuality "1"]

1. d4 Nf6 2. c4 e6 3. Nc3 Bb4 4. Qc2 b6 $5 {[%csl Re4][%cal Gc8b7]} 5. a3 (5.
e4 $5 Bxc3+ 6. bxc3 Bb7 7. Bd3 $5 (7. e5 $143 Ng8 8. Nf3 h6 9. Bd3 Ne7 10. h4
Nbc6 11. Rh3 d6 12. Rg3 g6 13. Bf4 Qd7 14. Qd2 $14 {1/2-1/2 Ivanov,
S-Staniszewski,P/Polish Team-ch, Krynica POL 1997 (28)}) 7... d6 8. Ne2 Nc6 9.
O-O h6 10. f4 e5 11. Ba3 Qd7 12. fxe5 dxe5 13. d5 Ne7 14. c5 c6 15. d6 Ng6 16.
Ng3 Nf4 17. Nf5 Nxd3 18. Qxd3 O-O-O 19. Nxg7 Rhg8 20. Nf5 Nh5 21. Qh3 {1-0
Lima,D-Miranda,M/Olicio Gadia mem, Rio de Janeiro BRA 1997}) 5... Bxc3+ 6. Qxc3
Bb7 7. f3 (7. Bg5 $143 h6 8. Bh4 d6 9. f3 Nbd7 10. e4 e5 11. Bd3 Qe7 12. Ne2
O-O 13. O-O Rfe8 14. b4 Rab8 {[%csl Yb7][%cal Yb8b7,Gf6e4]} 15. Rab1 $2 (15.
Bf2 $5) 15... Nxe4 16. Qe1 Nef6 $17 {Zezelj,V-Kristovic,M/Open, Zagreb CRO
1998/0-1 (55)}) 7... d5 $5 (7... d6 $5 8. e4 $5 (8. Bg5 Nbd7 $5 (8... h6 9. Bh4
g5 $6 10. Bf2 Nbd7 11. e4 Nh5 12. c5 $1 Ndf6 13. c6 Bc8 14. O-O-O $16 {1-0
Hochstein,U-Wegge,M/Bochum-ch 1991 (29)}) 9. e4 h6 10. Bh4 e5 11. d5 a5 (11...
Nxe4 $5 12. Bxd8 Nxc3 13. Bxc7 Ke7 14. bxc3 Rhc8 15. Bxd6+ Kxd6 $44 {Golod,V})
12. Be2 a4 (12... Nxe4 $5 13. Bxd8 Nxc3 14. Bxc7 Nxe2 15. Nxe2 Ke7 16. Nc3 Rhc8
17. Nb5 Rxc7 $1 18. Nxc7 Rc8 19. Nb5 Rxc4 $13 {Golod,V}) 13. Nh3 $2 (13. Bf2 $5
) 13... Nxe4 14. Bxd8 Nxc3 15. Bh4 Nxe2 16. Kxe2 Ba6 $19 {0-1 Sobl,
T-Gaprindashvili,V/WchJM-U14 1995 (24)}) 8... Nbd7 9. Bd3 e5 10. d5 O-O 11. Ne2
Nh5 12. O-O Re8 13. b4 Qe7 14. Be3 Nf8 15. c5 $14 {Poschel,P-Suraci,A/USA-ch
1948/1-0 (45)}) (7... Nh5 $6 8. Nh3 f5 9. g3 O-O 10. Bg2 d6 11. O-O Nd7 12. b4
Qe7 13. Bb2 Nhf6 14. Rad1 Rae8 15. Nf4 g5 16. Nd3 Ba8 17. Rfe1 Qf7 18. a4 $14
Qg6 19. b5 e5 20. dxe5 Nxe5 21. Nxe5 Rxe5 22. Qb3 Re7 23. c5+ Bd5 24. Rxd5 Nxd5
25. Qxd5+ Qf7 26. Qd4 Re5 27. cxd6 f4 28. gxf4 gxf4 {1-0 Lobo,R-Gold,D/Las
Vegas op 1992}) (7... c5 $5 8. dxc5 bxc5 9. Bg5 Nc6 $5 (9... h6 $143 10. Bh4 a5
11. e3 d6 12. O-O-O Ra6 13. Nh3 Nbd7 14. Be2 Qa8 15. Rd2 Rb6 16. Rhd1 $14 {
Candela Perez,J-Padron,J/ESP-chT 1994/1-0 (49)}) 10. e3 a5 11. Bd3 a4 12. Ne2
d6 13. O-O Ne5 14. Rad1 Ba6 15. Nc1 h6 16. Bxf6 Qxf6 17. Qc2 O-O 18. Be2 Rfb8
19. Rxd6 Bxc4 20. Bxc4 Rxb2 21. Qe4 Rc8 22. Be2 Ng6 23. Rfd1 Rb1 {1/2-1/2
Denayer,E-Cekro,E/Antwerpen op 1994}) 8. e3 $5 $146 (8. Bg5 $5 Nbd7 9. e3 O-O
10. Ne2 Rc8 11. Qd2 Qe8 12. Nc3 e5 13. dxe5 Qxe5 14. Bf4 Qe6 15. cxd5 Bxd5 16.
Bd3 Nc5 17. Bc2 Nb3 18. Bxb3 Bxb3 19. O-O Rfd8 20. Qe1 $11 {1-0 Ljubojevic,
L-Fehr,D/Zuerich sim 1988 (40)}) 8... O-O 9. cxd5 $6 (9. Nh3 $6 c5 $1 $36) (9.
Bd3 $5 {/\Nge2,0-0}) (9. b3 $5 {[%cal Gc1b2]}) 9... Nxd5 $1 {[%csl Re4][%cal
Gf7f5,Gf5e4]} (9... exd5 $143 10. Bd3 Nbd7 11. Ne2 c5 12. O-O Re8 $11) 10. Qc2
(10. Qb3 $143 f5 $36) 10... f5 $13 11. Bd3 (11. Bc4 $5) 11... Nd7 $5 {[%cal
Gc7c5]} 12. Ne2 Qh4+ $5 (12... c5 $5 13. O-O $140 Rc8 {[%csl Rc2][%cal Gc8c2]})
13. Ng3 (13. g3 $6 Qh3 $1 (13... Qg5 $2 14. e4 Ne3 15. Qxc7 $16) (13... Qh5 $6
14. O-O $14) 14. Ng1 Qh5 15. e4 N5f6 $36) 13... c5 $1 $15 14. Qf2 $1 {><d4;/
\0-0,Ne2} cxd4 $5 {/\Nf4} (14... Rac8 $6 15. O-O cxd4 16. exd4 Rc7 17. Re1 $14
{[%csl Re6]}) 15. exd4 Nf4 16. Bxf4 $5 (16. Bc2 $6 Rac8 $6 (16... Ba6 $1 {
[%cal Ga6f1]} 17. Bxf4 Qxf4 18. Ne2 Qd6 $15 {[%csl Rd4]}) 17. Bxf4 Qxf4 18. O-O
$11) 16... Qxf4 17. Ne2 (17. O-O $5) 17... Qd6 18. O-O e5 $6 (18... Rac8 $5 $15
) 19. Bc4+ $1 Kh8 20. dxe5 Nxe5 (20... Qxe5 $143 21. Nd4 $36) 21. Rfd1 $11 {
/\Bd5} Qf6 22. Bd5 Bxd5 23. Rxd5 Nc4 $5 {[%csl Rb2][%cal Gc4b2,Gf6b2]} (23...
Rad8 $143 24. Rad1 Rxd5 25. Rxd5 Nc4 {[%csl Rb2]} 26. Nd4 $13 {[%csl Rf5]}) 24.
Qd4 $1 Qxd4+ (24... Rac8 25. Qxf6 Rxf6 26. Rc1 Rff8 $11) 25. Rxd4 Rac8 (25...
Nxb2 $4 26. Ra2 $18 {[%csl Ga4,Rb2,Gc4,Gd1,Gd3,Yd4][%cal Gb2c4,Gb2d3,Gb2d1,
Gb2a4]}) 26. b4 $5 $11 {[%cal Ga1a2,Ga2e2]} Ne3 27. Ra2 Rfe8 28. Kf2 Rc7
1/2-1/2